| 000 | 01197cam a22002894a 4500 | ||
|---|---|---|---|
| 999 |
_c8870 _d8870 |
||
| 001 | 48620260 | ||
| 003 | OCoLC | ||
| 005 | 20241126110700.0 | ||
| 008 | 011206s2002 caua b 001 0 eng | ||
| 010 | _a2001058325 | ||
| 020 | _a0878084460 (alk. paper) | ||
| 020 | _a9780878084463 (alk. paper) | ||
| 040 |
_aDLC _cDLC _dVFY _dBAKER _dBTCTA _dATH |
||
| 042 | _apcc | ||
| 050 | 0 | 0 |
_aBV2091 _b.D65 2002 |
| 050 | 0 | 0 |
_aBV2091 _b.D65 2002 |
| 082 |
_a266.00683 _bDOI |
||
| 245 | 0 | 0 |
_aDoing member care well : _bperspectives and practices from around the world / _cedited by Kelly O'Donnell. |
| 260 |
_aPasadena, Calif. : _bWilliam Carey Library, _cc2002. |
||
| 300 |
_ax, 566 p. : _bill. ; _c26 cm. |
||
| 490 | 0 | _aGlobalization of mission series | |
| 504 | _aIncludes bibliographical references and index. | ||
| 505 | 0 | _apt. 1. The member care context -- pt. 2. Regional issues and insights. Asia -- South Asia -- Africa -- Latin America -- Arabic world. pt. 3. Providing and developing member care. Master care -- Self and mutual care -- Sender care -- Specialist care -- Network care. | |
| 650 | 0 |
_aMissionaries _xSupervision of. _915573 |
|
| 700 | 1 |
_aO'Donnell, Kelly S. _915574 |
|
| 942 |
_2ddc _cBK |
||